[Event "Polanica Zdroj op-E 56th"]
[Site "Polanica Zdroj"]
[Date "2020.08.15"]
[Round "1"]
[White "Sybis, Roman"]
[Black "Orzlowski, Patryk"]
[Result "0-1"]
[WhiteElo "1131"]
[BlackElo "1569"]
[PlyCount "116"]
[EventDate "2020.08.15"]
[EventType "swiss"]
[EventRounds "9"]
[EventCountry "POL"]
[SourceTitle "CBM 198 Extra"]
[Source "ChessBase"]
[SourceDate "2020.11.30"]
[SourceVersion "1"]
[SourceVersionDate "2020.11.30"]
[SourceQuality "1"]

1. e4 c5 2. Nf3 e6 3. Bc4 a6 4. c3 b5 5. Bb3 Bb7 6. e5 c4 7. Bc2 Qc7 8. Qe2 Ne7 9. d4 cxd3 10. Bxd3 Ng6 11. Nbd2 Nf4 12. Qf1 Nc6 13. Ne4 Nxd3+ 14. Qxd3 Nxe5 15. Nxe5 Qxe5 16. Be3 Qxe4 17. Qxe4 Bxe4 18. 0-0 Be7 19. f3 Bc6 20. Bd4 0-0 21. Rae1 Bd5 22. b3 Rfc8 23. f4 Bc5 24. Rc1 Bxd4+ 25. cxd4 Rxc1 26. Rxc1 Bc6 27. Kf2 Rc8 28. Ke3 Bb7 29. Rxc8+ Bxc8 30. b4 Kf8 31. a3 Ke7 32. g3 f6 33. Ke4 Bb7+ 34. Ke3 d6 35. Kd3 e5 36. dxe5 dxe5 37. fxe5 fxe5 38. Ke3 e4 39. Kf4 Ke6 40. h4 Kd5 41. Ke3 Kc4 42. Kd2 Kb3 43. g4 Kxa3 44. Kc3 a5 45. bxa5 b4+ 46. Kc2 Ka2 47. h5 b3+ 48. Kc1 b2+ 49. Kc2 b1Q+ 50. Kc3 Qd3+ 51. Kb4 e3 52. Kc5 Qd5+ 53. Kb6 Qc6+ 54. Ka7 e2 55. g5 e1Q 56. g6 Qxa5+ 57. Kb8 hxg6 58. hxg6 Qa8# 0-1